Охота на НЛО: Фантастический роман

书目详细资料
主要作者: Бурцев В. Виктор
语言:俄语
出版: Москва, Армада, 2000
丛编:Фантастический боевик
主题:
格式: 图书
KOHA link:https://koha.lib.tpu.ru/cgi-bin/koha/opac-detail.pl?biblionumber=25392

MARC

LEADER 00000nam0a2200000 4500
001 25392
005 20231030200931.0
010 |a 5935560674 
035 |a (RuTPU)RU\TPU\book\25628 
090 |a 25392 
100 |a 20011209d2000 m y0rusy50 ca 
101 0 |a rus 
102 |a RU 
105 |a y z 000ay 
200 1 |a Охота на НЛО  |e Фантастический роман  |f В. Бурцев 
210 |a Москва  |c Армада  |d 2000 
210 |c Альфа-книга 
215 |a 408 с.  |c ил. 
225 1 |a Фантастический боевик 
610 1 |a романы 
610 1 |a фантастика 
610 1 |a боевики 
675 |a Р2  |v 3 
700 1 |a Бурцев  |b В.  |g Виктор 
801 0 |a RU  |b 63413507  |c 20011209  |g PSBO 
801 2 |a RU  |b 63413507  |c 20050823  |g PSBO 
942 |c BK